Constitutional Development In Pakistan (Record no. 351756)
[ view plain ]
| 000 -LEADER | |
|---|---|
| fixed length control field | 00497nam a22001817a 4500 |
| 003 - CONTROL NUMBER IDENTIFIER | |
| control field | OSt |
| 005 - DATE AND TIME OF LATEST TRANSACTION | |
| control field | 20180116183054.0 |
| 008 - FIXED-LENGTH DATA ELEMENTS--GENERAL INFORMATION | |
| fixed length control field | 160905b xxu||||| |||| 00| 0 eng d |
| 020 ## - INTERNATIONAL STANDARD BOOK NUMBER | |
| International Standard Book Number | 9789694073446 |
| 040 ## - CATALOGING SOURCE | |
| Transcribing agency | 0 |
| 082 ## - DEWEY DECIMAL CLASSIFICATION NUMBER | |
| Classification number | 342.54909 CHO 2007 |
| 100 ## - MAIN ENTRY--PERSONAL NAME | |
| Personal name | Choudhury,G.W. |
| 245 ## - TITLE STATEMENT | |
| Title | Constitutional Development In Pakistan |
| Statement of responsibility, etc. | G.W.Choudhury |
| 260 ## - PUBLICATION, DISTRIBUTION, ETC. | |
| Place of publication, distribution, etc. | Karachi |
| Name of publisher, distributor, etc. | Royal Book Company |
| Date of publication, distribution, etc. | 2007. |
| 300 ## - PHYSICAL DESCRIPTION | |
| Extent | 272 p. |
| Other physical details | HB. |
| 440 ## - SERIES STATEMENT/ADDED ENTRY--TITLE | |
| Title | Constitutional Development In Pakistan |
| 942 ## - ADDED ENTRY ELEMENTS (KOHA) | |
| Source of classification or shelving scheme | |
| Koha item type | Book |
| Withdrawn status | Lost status | Source of classification or shelving scheme | Damaged status | Not for loan | Collection code | Permanent Location | Current Location | Shelving location | Date acquired | Total Checkouts | Total Renewals | Full call number | Barcode | Date last seen | Date last checked out | Price effective from | Koha item type | Materials specified (bound volume or other part) | Public note |
|---|---|---|---|---|---|---|---|---|---|---|---|---|---|---|---|---|---|---|---|
| NUST Law School (NLS) | NUST Law School (NLS) | General Stacks | 09/05/2016 | 3 | 2 | 342.54909 CHO 2007 | NBSD-2753 | 07/31/2025 | 02/04/2025 | 09/05/2016 | Book | ||||||||
| NUST Law School (NLS) | NUST Law School (NLS) | Central Superior Services | 10/25/2016 | 2 | 342.54909 CHO 2007 | NBSD-2929 | 01/24/2022 | 12/04/2021 | 10/25/2016 | CSS Corner | CSS Corner Book | CSS Corner Book |
